Riconosci la Squadra dai Trofei - Quiz n°3 - Statistics

Statistiche generali
  • Questo quiz è stato fatto 27 volte
  • Il punteggio medio è 8 su 15
Statistiche sulle risposte
Competizioni nazionali Competizioni internazionali Squadra % Corretto
Campionato spagnolo: 11
1939-1940, 1940-1941, 1949-1950, 1950-1951, 1965-1966, 1969-1970, 1972-1973, 1976-1977, 1995-1996, 2013-2014
2020-2021
Coppa di Spagna: 10
1959-1960, 1960-1961, 1964-1965, 1971-1972, 1975-1976, 1984-1985, 1990-1991, 1991-1992, 1995-1996, 2012-2013
Supercoppa di Spagna: 2
1985, 2014
UEFA Europa League: 3 2009-2010, 2011-2012, 2017-2018 Coppa delle Coppe: 1 1961-1962 Supercoppa UEFA: 3 2010, 2012, 2018 Coppa Intercontinentale: 1 1974 Atletico Madrid
95%
Campionato inglese: 20
1907-1908, 1910-1911, 1951-1952, 1955-1956, 1956-1957, 1964-1965, 1966-1967, 1992-1993, 1993-1994, 1995-1996, 1996-1997, 1998-1999, 1999-2000, 2000-2001, 2002-2003, 2006-2007, 2007-2008, 2008-2009, 2010-2011, 2012-2013
Coppa d'Inghilterra: 12
1908-1909, 1947-1948, 1962-1963, 1976-1977, 1982-1983, 1984-1985, 1989-1990, 1993-1994, 1995-1996, 1998-1999, 2003-2004, 2015-2016
Coppa di Lega inglese: 6
1991-1992, 2005-2006, 2008-2009, 2009-2010, 2016-2017, 2022-2023
Charity/Community Shield: 21 1908, 1911, 1952, 1956, 1957, 1965, 1967, 1977, 1983, 1990, 1993, 1994, 1996, 1997, 2003, 2007, 2008, 2010, 2011, 2013, 2016
Coppa dei Campioni/UEFA Champions League: 3
1967-1968, 1998-1999, 2007-2008
UEFA Europa League: 1
2016-2017
Coppa delle Coppe: 1
1990-1991
Supercoppa UEFA: 1
1991
Coppa Intercontinentale: 1
1999
Coppa del mondo per club: 1 2008
Manchester United
90%
Campionato italiano: 19 1901; 1906; 1907; 1950-1951; 1954-1955; 1956-1957; 1958-1959; 1961-1962; 1967-1968; 1978-1979 1987-1988; 1991-1992; 1992-1993; 1993-1994; 1995-1996; 1998-1999; 2003-2004; 2010-2011; 2021-2022 Coppa Italia: 5 1966-1967; 1971-1972; 1972-1973; 1976-1977; 2002-2003 Supercoppa italiana: 7 1988; 1992; 1993; 1994; 2004; 2011; 2016 Coppa dei Campioni/UEFA Champions League: 7 1962-1963; 1968-1969; 1988-1989; 1989-1990; 1993-1994; 2002-2003; 2006-2007 Coppa delle Coppe: 2 1967-1968; 1972-1973 Supercoppa UEFA: 5 1989; 1990; 1994; 2003; 2007 Coppa Intercontinentale: 3 1969; 1989; 1990 Coppa del mondo per club: 1 2007 Milan
85%
Campionato italiano: 2
1955-1956; 1968-1969
Coppa Italia: 6
1939-1940; 1960-1961; 1965-1966; 1974-1975; 1995-1996; 2000-2001
Supercoppa italiana: 1
1996
Coppa delle Coppe: 1 1960-1961 Fiorentina
70%
Campionato jugoslavo: 19
1951, 1952-1953, 1955-1956, 1956-1957, 1958-1959, 1959-1960, 1963-1964, 1967-1968, 1968-1969, 1969-1970, 1972-1973, 1976-1977, 1979-1980, 1980-1981, 1983-1984, 1987-1988, 1989-1990, 1990-1991, 1991-1992
Campionato serbo-montenegrino: 5
1994-1995, 1999-2000, 2000-2001, 2003-2004, 2005-2006
Campionato serbo: 9
2006-2007, 2013-2014, 2015-2016, 2017-2018, 2018-2019, 2019-2020, 2020-2021, 2021-2022, 2022-2023
Coppa di Jugoslavia: 12
1948, 1949, 1950, 1957-1958, 1958-1959, 1963-1964, 1967-1968, 1969-1970, 1970-1971, 1981-1982, 1984-1985, 1989-1990
Coppa di Serbia e Montenegro: 9
1992-1993, 1994-1995, 1995-1996, 1996-1997, 1998-1999, 1999-2000, 2001-2002, 2003-2004, 2005-2006
Coppa di Serbia: 6
2006-2007, 2009-2010, 2011-2012, 2020-2021, 2021-2022, 2022-2023
Coppa dei Campioni: 11990-1991 Coppa Intercontinentale: 1 1991 Stella Rossa Belgrado
65%
Campionato svizzero: 20
1952-1953, 1966-1967; 1968-1969, 1969-1970, 1971-1972, 1972-1973, 1976-1977, 1979-1980, 2001-2002, 2003-2004 , 2004-2005, 2007-2008, 2009-2010, 2010-2011, 2011-2012, 2012-2013, 2013-2014, 2014-2015, 2015-2016, 2016-2017
Coppa Svizzera: 13
1932-1933, 1946-1947, 1962-1963, 1966-1967, 1974-1975, 2001-2002, 2002-2003, 2006-2007, 2007-2008, 2009-2010, 2011-2012, 2016-2017, 2018-2019
Coppa di Lega svizzera: 1
1972
Basilea
60%
Campionato portoghese: 381935-1936, 1936-1937, 1937-1938, 1941-1942, 1942-1943, 1944-1945, 1949-1950, 1954-1955, 1956-1957, 1959-1960, 1960-1961, 1962-1963, 1963-1964, 1964-1965, 1966-1967, 1967-1968, 1968-1969, 1970-1971, 1971-1972, 1972-1973, 1974-1975, 1975-1976, 1976-1977, 1980-1981, 1982-1983, 1983-1984, 1986-1987, 1988-1989, 1990-1991, 1993-1994, 2004-2005, 2009-2010, 2013-2014, 2014-2015, 2015-2016, 2016-2017, 2018-2019, 2022-2023 Coppa del Portogallo: 26 1939-1940, 1942-1943, 1943-1944, 1948-1949, 1950-1951, 1951-1952, 1952-1953, 1954-1955, 1956-1957, 1958-1959, 1961-1962, 1963-1964, 1968-1969, 1969-1970, 1971-1972, 1979-1980, 1980-1981, 1982-1983, 1984-1985, 1985-1986, 1986-1987, 1992-1993, 1995-1996, 2003-2004, 2013-2014, 2016-2017 Coppa di Lega portoghese: 7 2008-2009, 2009-2010, 2010-2011, 2011-2012, 2013-2014, 2014-2015, 2015-2016 Supercoppa di Portogallo: 8 1980,[26] 1985, 1989, 2005, 2014, 2016, 2017, 2019, 2023 Coppa dei Campioni: 2 1960-1961, 1961-1962 Benfica
60%
Campionati turchi: 16
1957, 1958, 1959-1960, 1965-1966, 1966-1967, 1981-1982, 1985-1986, 1989-1990, 1990-1991, 1991-1992, 1994-1995, 2002-2003, 2008-2009, 2015-2016, 2016-2017, 2020-2021
Coppa di Turchia: 10
1974-1975, 1988-1989, 1989-1990, 1993-1994, 1997-1998, 2005-2006, 2006-2007, 2008-2009, 2010-2011, 2020-2021
Supercoppa di Turchia: 9
1967, 1974, 1986, 1989, 1992, 1994, 1998, 2006, 2021
Coppa del Cancelliere/Coppa del Primo ministro: 6
1943-1944, 1946-1947, 1973-1974, 1976-1977, 1987-1988, 1996-1997 Campionato turco (1924-1951): 2 1934, 1951 Lega nazionale: 3 1941, 1944, 1947
Beşiktaş
55%
Campionato austriaco: 32
1911-1912, 1912-1913, 1915-1916, 1916-1917, 1918-1919, 1919-1920, 1920-1921, 1922-1923, 1928-1929, 1929-1930 , 1934-1935, 1937-1938, 1939-1940, 1940-1941, 1945-1946, 1947-1948, 1950-1951, 1951-1952, 1953-1954, 1955-1956 , 1956-1957, 1959-1960, 1963-1964, 1966-1967, 1967-1968, 1981-1982, 1982-1983, 1986-1987, 1987-1988, 1995-1996 , 2004-2005, 2007-2008
Campionato tedesco: 1
1940-1941
Coppa d'Austria: 14
1918-1919, 1919-1920, 1926-1927, 1945-1946, 1960-1961, 1967-1968, 1968-1969, 1971-1972, 1975-1976, 1982-1983, 1983-1984, 1984-1985, 1986-1987, 1994-1995
Coppa di Germania: 1
1937-1938
Supercoppa d'Austria: 3
1986, 1987, 1988
Rapid Vienna
45%
Campionato francese: 9
1936-1937, 1947-1948, 1970-1971, 1971-1972, 1988-1989, 1989-1990, 1990-1991, 1991-1992, 2009-2010
Coppa di Francia: 10
1923-1924, 1925-1926, 1926-1927, 1934-1935, 1937-1938, 1942-1943, 1968-1969, 1971-1972, 1975-1976, 1988-1989
Coppa di Lega francese: 3
2009-2010, 2010-2011, 2011-2012
Supercoppa francese: 3
1971[64], 2010, 2011
UEFA Champions League: 1
1992-1993
Coppa Intertoto UEFA: 1
2005
Olympique Marsiglia
40%
Campionato ucraino: 14
2001-2002, 2004-2005, 2005-2006, 2007-2008, 2009-2010, 2010-2011, 2011-2012, 2012-2013, 2013-2014, 2016-2017, 2017-2018, 2018-2019, 2019-2020, 2022-2023
Coppa d'Ucraina: 13
1994-1995, 1996-1997, 2000-2001, 2001-2002, 2003-2004, 2007-2008, 2010-2011, 2011-2012, 2012-2013, 2015-2016, 2016-2017, 2017-2018, 2018-2019
Supercoppa d'Ucraina: 9
2005, 2008, 2010, 2012, 2013, 2014, 2015, 2017, 2021
Coppa sovietica: 4
1961, 1962, 1980, 1983
Supercoppa dell'Unione Sovietica: 1
1984
Coppa UEFA: 12008-2009 Shakhtar Donetsk
35%
Campionato tedesco: 1
2008-2009
Coppa di Germania: 1
2014-2015
Supercoppa di Germania: 1
2015
Wolfsburg
30%
Coppa dell'Unione Sovietica: 2
1936, 1957
Campionato russo: 3
2002, 2004, 2017-2018
Coppa di Russia: 9
1995-1996, 1996-1997, 1999-2000, 2000-2001, 2006-2007, 2014-2015, 2016-2017, 2018-2019, 2020-2021
Supercoppa di Russia: 3
2003, 2005, 2019
Lokomotiv Mosca
15%
Coppa di Germania: 1 1992-1993 Coppa UEFA: 1 1987-1988 Bayer Leverkusen
5%
Campionato inglese: 2
1950-1951, 1960-1961
Coppa d'Inghilterra: 8
1900-1901, 1920-1921, 1960-1961, 1961-1962, 1966-1967, 1980-1981, 1981-1982, 1990-1991
Coppa di Lega inglese: 4
1970-1971, 1972-1973, 1998-1999, 2007-2008
Charity Shield: 7
1921, 1951, 1961, 1962, 1967, 1981, 1991
Coppa delle Coppe: 1
1962-1963
Coppa UEFA: 2
1971-1972, 1983-1984
Tottenham
5%
Nessun quiz corrispondente trovato
Distribuzione punteggi
Percentuale di utenti per punteggio
Percentile per numero di risposta
I tuoi punteggi nel tempo
Non hai fatto questo quiz